[Event "Al Ain Classic 2012"]
[Site "Al-Ain UAE"]
[Date "2012.12.28"]
[Round "8.1"]
[White "Vachier-Lagrave, Maxime"]
[Black "Miroshnichenko, Evgenij"]
[Result "1-0"]
[WhiteTitle "GM"]
[BlackTitle "GM"]
[WhiteElo "2711"]
[BlackElo "2628"]
[WhiteFideId "623539"]
[BlackFideId "14102595"]
[EventDate "2012.12.22"]

1. c4 Nf6 2. Nc3 e5 3. Nf3 Nc6 4. g3 Bb4 5. Nd5 Bd6 6. Bg2 O-O 7. O-O Re8 8. d3
h6 9. Nd2 Bf8 10. Nxf6+ Qxf6 11. Ne4 Qd8 12. f4 f5 13. Nc3 exf4 14. Bxf4 d6 15.
e4 Ne7 16. Qd2 c6 17. Rae1 Ng6 18. exf5 Rxe1 19. Qxe1 Bxf5 20. Bxh6 Bxd3 21.
Qe6+ Kh8 22. Be4 Bxe4 23. Qxe4 Qe8 24. Qxe8 Rxe8 25. Bd2 Kg8 26. Kg2 Be7 27. Re1
Kf7 28. h4 Ne5 29. b3 g6 30. Be3 a6 31. Bd4 Nd7 32. a4 Rd8 33. Rf1+ Kg8 34. Ne2
Nf8 35. Nf4 g5 36. hxg5 Bxg5 37. Rh1 Kf7 38. Kf3 Bf6 39. Bxf6 Kxf6 40. g4 Rd7
41. Rh5 Rh7 42. g5+ Ke5 43. g6+ Rxh5 44. g7 Rf5 45. g8=Q Rxf4+ 46. Ke3 Ne6 47.
Qh8+ Rf6 48. a5 Ng5 49. Qg7 Nf7 50. Qf8 d5 51. Qe7+ Kf5 52. Qxb7 dxc4 53. Qxa6
Re6+ 54. Kd2 cxb3 55. Qf1+ Kg6 56. a6 1-0

[Event "Al Ain Classic 2012"]
[Site "Al-Ain UAE"]
[Date "2012.12.28"]
[Round "8.2"]
[White "Parligras, Mircea-Emilian"]
[Black "Wang, Yue"]
[Result "1/2-1/2"]
[WhiteTitle "GM"]
[BlackTitle "GM"]
[WhiteElo "2628"]
[BlackElo "2696"]
[WhiteFideId "1204297"]
[BlackFideId "8601429"]
[EventDate "2012.12.22"]

1. d4 d5 2. c4 c6 3. Nf3 Nf6 4. e3 Bf5 5. Nc3 e6 6. Nh4 Bg6 7. Nxg6 hxg6 8. Bd3
Nbd7 9. O-O Bd6 10. h3 Qe7 11. Bd2 a6 12. Qc2 dxc4 13. Bxc4 c5 14. dxc5 Nxc5 15.
Rfd1 O-O 16. Rac1 Rac8 17. Be1 b5 18. Be2 Be5 19. Bf3 Na4 20. Qb3 Nxc3 21. Bxc3
Bxc3 22. Rxc3 Nd7 23. Rdc1 Nb6 24. Rxc8 Rxc8 25. Rxc8+ Nxc8 26. Qc3 Nb6 27. Qc6
Qa7 28. b4 Nd7 29. Kf1 Kf8 30. Qd6+ Ke8 31. Bc6 Kd8 32. a4 bxa4 33. Bxa4 Qc7 34.
Qxc7+ Kxc7 1/2-1/2

[Event "Al Ain Classic 2012"]
[Site "Al-Ain UAE"]
[Date "2012.12.28"]
[Round "8.3"]
[White "Edouard, Romain"]
[Black "Kotanjian, Tigran"]
[Result "1-0"]
[WhiteTitle "GM"]
[BlackTitle "GM"]
[WhiteElo "2686"]
[BlackElo "2518"]
[WhiteFideId "633429"]
[BlackFideId "13301250"]
[EventDate "2012.12.22"]

1. e4 c5 2. Nf3 Nc6 3. d4 cxd4 4. Nxd4 Qb6 5. Nb3 Nf6 6. Nc3 e6 7. Qe2 d6 8. Be3
Qc7 9. O-O-O a6 10. g4 b5 11. f4 Nd7 12. Kb1 Nb6 13. a3 Be7 14. g5 O-O 15. Rg1
Nc4 16. Bc1 Bd7 17. Rg3 Rfb8 18. Rh3 g6 19. Qf2 Bf8 20. e5 d5 21. Rxd5 Ne7 22.
Rc5 Qa7 23. Ne4 h5 24. Nf6+ Kg7 25. Qf3 Ng8 26. Rxh5 gxh5 27. Qxh5 Bxc5 28. Nxc5
Bc6 29. Qh7+ Kf8 30. g6 Nxf6 31. exf6 fxg6 32. Qh8+ Kf7 33. Qg7+ 1-0

[Event "Al Ain Classic 2012"]
[Site "Al-Ain UAE"]
[Date "2012.12.28"]
[Round "8.4"]
[White "Ehlvest, Jaan"]
[Black "Sveshnikov, Evgeny"]
[Result "1/2-1/2"]
[WhiteTitle "GM"]
[BlackTitle "GM"]
[WhiteElo "2603"]
[BlackElo "2514"]
[WhiteFideId "4500016"]
[BlackFideId "4100638"]
[EventDate "2012.12.22"]

1. g3 d5 2. Bg2 c6 3. d3 g6 4. Nf3 Bg7 5. O-O e5 6. e4 Ne7 7. Nbd2 O-O 8. b4 a5
9. bxa5 Qxa5 10. a4 b5 11. Bb2 bxa4 12. exd5 cxd5 13. Nxe5 Qc7 14. Re1 Bb7 15.
c4 a3 16. Rxa3 Rxa3 17. Bxa3 Bxe5 18. Bxe7 Qxe7 19. d4 dxc4 20. Rxe5 Qb4 21.
Bxb7 Nd7 22. Re3 Qxb7 23. Nxc4 Qd5 24. Rc3 Rb8 25. Ne3 Qe4 26. Nc2 Rb2 27. Qe1
Qb7 28. Ne3 Qe4 29. Nc2 Qb7 30. Ne3 1/2-1/2

[Event "Al Ain Classic 2012"]
[Site "Al-Ain UAE"]
[Date "2012.12.28"]
[Round "8.6"]
[White "Ismagambetov, Anuar"]
[Black "Kazhgaleyev, Murtas"]
[Result "0-1"]
[WhiteTitle "GM"]
[BlackTitle "GM"]
[WhiteElo "2463"]
[BlackElo "2596"]
[WhiteFideId "13701525"]
[BlackFideId "13700316"]
[EventDate "2012.12.22"]

1. e4 e6 2. d4 d5 3. Nc3 Bb4 4. e5 c5 5. a3 Ba5 6. b4 cxd4 7. Nb5 Bc7 8. f4 Bd7
9. Nxc7+ Qxc7 10. Nf3 Ba4 11. Bd3 Ne7 12. Bb2 Nbc6 13. O-O Qb6 14. Kh1 Bb5 15.
Qe2 a6 16. Qf2 Rc8 17. Rfc1 Bxd3 18. cxd3 O-O 19. Rc2 Qb5 20. Qd2 Qa4 21. Rac1
h6 22. h3 a5 23. bxa5 Ra8 24. Qf2 Qb5 25. Nxd4 Qxd3 26. Rd2 Qh7 27. Bc3 Nxd4 28.
Qxd4 Rfc8 29. Qb6 Qe4 30. Rdd1 Nf5 31. Qf2 Rc4 32. Re1 Qd3 33. Red1 Qg3 34. Be1
Qxa3 35. Rb1 Qa4 36. Qb6 Rxf4 37. Kg1 Qc4 38. Bf2 Rc8 39. Rb2 Qa4 40. Rf1 Rcc4
41. Kh2 Rc2 42. Rxc2 Qxc2 43. Kg1 Qd2 44. Rb1 d4 45. Rb2 Qc1+ 46. Kh2 d3 47. g4
Nd4 48. Bxd4 Rf3 49. Qxb7 Qf4+ 50. Kg1 Rg3+ 51. Rg2 Qxd4+ 52. Kh2 Rxg2+ 53. Kxg2
d2 54. Qb8+ Kh7 55. Qb1+ g6 56. Qd1 Qd5+ 57. Kf2 Qxa5 58. Qf3 Kg8 59. Qd3 0-1

[Event "Al Ain Classic 2012"]
[Site "Al-Ain UAE"]
[Date "2012.12.28"]
[Round "8.8"]
[White "Jumabayev, Rinat"]
[Black "Senador, Emmanuel"]
[Result "1-0"]
[WhiteTitle "GM"]
[BlackTitle "IM"]
[WhiteElo "2567"]
[BlackElo "2352"]
[WhiteFideId "13702661"]
[BlackFideId "5200601"]
[EventDate "2012.12.22"]

1. Nf3 Nf6 2. c4 e6 3. g3 c5 4. Bg2 d5 5. cxd5 exd5 6. d4 Nc6 7. O-O Be7 8. dxc5
Bxc5 9. Qc2 Bb6 10. Nc3 O-O 11. Na4 Bc7 12. Rd1 Qe7 13. Be3 Bg4 14. Rac1 Rfe8
15. Nc3 Rad8 16. Qa4 a6 17. Bg5 Be6 18. Qh4 h6 19. Bxf6 Qxf6 20. Qxf6 gxf6 21.
e3 Kg7 22. h3 Rd6 23. Ne2 Bb6 24. a3 Red8 25. Nfd4 Rc8 26. Nb3 Rcd8 27. Nf4 d4
28. Nxe6+ fxe6 29. Bxc6 bxc6 30. exd4 e5 31. Nc5 Bxc5 32. Rxc5 exd4 33. b4 d3
34. Ra5 Rd5 35. Rxa6 c5 36. b5 Rc8 37. b6 c4 38. b7 Rb8 39. Rc6 Rxb7 40. Rxc4
Rb3 41. a4 Ra3 42. Kg2 Ra2 43. Rf4 f5 44. Kf3 Kg6 45. h4 h5 46. Rc4 Kf6 47. Rc3
Rxa4 48. Rdxd3 Rxd3+ 49. Rxd3 Ke5 50. Rb3 Kf6 51. Rb6+ Kg7 52. Re6 Rg4 53. Re8
Ra4 54. Rc8 Rb4 55. Rd8 Ra4 56. Ke3 Re4+ 57. Kd3 Ra4 58. Rd4 Ra3+ 59. Ke2 Kf6
60. Rd6+ Kg7 61. f3 Rb3 62. Rd3 Rb6 63. Ke3 Kf6 64. Ra3 Rc6 65. Ra4 Rb6 66. Rc4
Rd6 67. Rc8 Ra6 68. Rh8 Ra3+ 69. Kf2 Ra2+ 70. Kf1 Kg6 71. Rg8+ Kf6 72. Rg5 f4
73. gxf4 Ra4 74. Kg2 Rxf4 75. Kg3 Ra4 76. Rxh5 Rb4 77. Rh6+ Kg7 78. Re6 Ra4 79.
h5 Rb4 80. Rd6 Ra4 81. f4 Ra1 82. Kg4 Rg1+ 83. Kf5 Rh1 84. h6+ Kh7 85. Re6 Ra1
86. Kg4 Rh1 87. Kf3 Ra1 88. Rd6 Ra4 89. Kg4 Ra5 90. f5 Ra1 91. Kg5 Rg1+ 92. Kf6
Kxh6 93. Ke7+ Kh7 94. f6 Re1+ 95. Re6 Ra1 96. f7 Ra7+ 97. Kf6 1-0

[Event "Al Ain Classic 2012"]
[Site "Al-Ain UAE"]
[Date "2012.12.28"]
[Round "8.9"]
[White "Ezat, Mohamed"]
[Black "Kotsur, Pavel"]
[Result "1-0"]
[WhiteTitle "IM"]
[BlackTitle "GM"]
[WhiteElo "2450"]
[BlackElo "2550"]
[WhiteFideId "10600906"]
[BlackFideId "13700278"]
[EventDate "2012.12.22"]

1. d4 Nf6 2. c4 e6 3. Nc3 Bb4 4. Qc2 O-O 5. a3 Bxc3+ 6. Qxc3 d6 7. e3 b6 8. Bd3
Bb7 9. f3 c5 10. Ne2 Nbd7 11. b4 d5 12. dxc5 bxc5 13. b5 Rc8 14. O-O Re8 15. a4
e5 16. a5 d4 17. Qc2 e4 18. fxe4 dxe3 19. Bxe3 Ne5 20. a6 Ba8 21. Rad1 Nxd3 22.
Rxd3 Qe7 23. Nc3 Nxe4 24. Nd5 Bxd5 25. Rxd5 h6 26. Bf4 Nf6 27. Re5 Qd7 28. Qd1
Red8 29. Qxd7 Rxd7 30. h3 Rd3 31. Re3 Rxe3 32. Bxe3 Nd7 33. Rf5 Kf8 34. Rd5 Ke7
35. h4 Ke6 36. Kf1 h5 37. Ke2 g6 38. Kd2 f6 39. Kc2 Ke7 40. Kb3 Ke6 41. Bf4 Nb6
42. Rd6+ Kf5 43. Be3 Ke5 44. Rd1 Ke6 45. Bf4 Kf5 46. Bd2 Kg4 47. Ba5 Kxh4 48.
Rd6 Rb8 49. Bxb6 axb6 50. Rxb6 1-0

[Event "Al Ain Classic 2012"]
[Site "Al-Ain UAE"]
[Date "2012.12.28"]
[Round "8.10"]
[White "Bajarani, Ulvi"]
[Black "Paragua, Mark"]
[Result "1/2-1/2"]
[WhiteTitle "IM"]
[BlackTitle "GM"]
[WhiteElo "2425"]
[BlackElo "2533"]
[WhiteFideId "13403028"]
[BlackFideId "5201241"]
[EventDate "2012.12.22"]

1. e4 c5 2. Nf3 d6 3. d4 cxd4 4. Nxd4 Nf6 5. Nc3 a6 6. h3 e6 7. g4 d5 8. Nde2
Bb4 9. exd5 Nxd5 10. Bg2 O-O 11. O-O Nxc3 12. Nxc3 Qc7 13. Ne4 Bd7 14. c3 Be7
15. Bg5 f6 16. Be3 Kh8 17. Qb3 f5 18. gxf5 exf5 19. Ng5 Bxg5 20. Bxg5 Bc6 21.
Qb4 Nd7 22. Bf4 Qc8 23. Bxc6 bxc6 24. c4 Nf6 25. Kh2 c5 26. Qb6 Rf7 27. b3 a5
28. Rad1 Ne4 29. f3 Nc3 30. Rd2 Re7 31. Bd6 Rd7 32. Rff2 Qd8 33. Qxc5 Nxa2 34.
Qe5 Nc1 35. c5 Nxb3 36. Rd3 a4 37. c6 Rf7 38. Qd5 Qe8 39. c7 Rc8 40. Be5 Rfxc7
41. Bxc7 Rxc7 42. Qxf5 h6 43. f4 Re7 44. Qg4 Nc5 45. Rc3 Nd7 46. Rfc2 Qf7 47. f5
Kh7 48. Rg2 Ne5 49. Qe4 Qf6 50. Rcg3 Nc6 51. Qd5 Ne5 52. Qd8 Rf7 53. Rxg7+ Qxg7
54. Rxg7+ Kxg7 55. Qc8 Rf6 56. Qc7+ Nf7 57. Qd7 a3 58. Qd3 a2 59. Qg3+ Kh7 60.
Qa3 Rxf5 61. Qxa2 Kg7 62. Qg2+ Rg5 1/2-1/2

[Event "Al Ain Classic 2012"]
[Site "Al-Ain UAE"]
[Date "2012.12.28"]
[Round "8.11"]
[White "Ji, Dan"]
[Black "Darini, Pouria"]
[Result "1/2-1/2"]
[BlackTitle "IM"]
[WhiteElo "2341"]
[BlackElo "2522"]
[WhiteFideId "8601887"]
[BlackFideId "12502200"]
[EventDate "2012.12.22"]

1. e4 c5 2. Nf3 d6 3. d4 cxd4 4. Nxd4 Nf6 5. f3 Nc6 6. c4 Qb6 7. Nc2 g6 8. Nc3
Bg7 9. Be2 O-O 10. Ne3 Be6 11. O-O Rfc8 12. Kh1 Na5 13. Ncd5 Bxd5 14. cxd5 Nh5
15. Bd2 Qxb2 16. Bxa5 Nf4 17. Rb1 Qxe2 18. Qxe2 Nxe2 19. Rxb7 Bd4 20. Bd2 Rab8
21. Rxb8 Rxb8 22. Nc4 Rc8 23. Na5 Rc2 24. Bh6 Bg7 25. Bxg7 Kxg7 26. Nc6 Rxa2 27.
Nxe7 Kf6 28. Nc6 Kg7 29. g3 a5 30. Re1 a4 31. e5 dxe5 32. d6 Rd2 33. d7 Nxg3+
34. hxg3 Rxd7 35. Rxe5 Rd6 36. Rc5 a3 37. Rc1 Rd3 38. Kg2 a2 39. Ra1 Rd2+ 40.
Kh3 Rb2 41. Ne5 h5 42. f4 f6 43. Nd3 Rb3 44. Nc5 Rb2 45. Nd3 Rb3 46. Nc5 Rb2 1/2-1/2

[Event "Al Ain Classic 2012"]
[Site "Al-Ain UAE"]
[Date "2012.12.28"]
[Round "8.12"]
[White "Abdulov, Orkhan"]
[Black "Esen, Baris"]
[Result "1/2-1/2"]
[WhiteTitle "IM"]
[BlackTitle "GM"]
[WhiteElo "2387"]
[BlackElo "2576"]
[WhiteFideId "13402714"]
[BlackFideId "6302114"]
[EventDate "2012.12.22"]

1. e4 c5 2. Nf3 d6 3. d4 cxd4 4. Nxd4 Nf6 5. Nc3 a6 6. Be2 e5 7. Nb3 Be7 8. O-O
O-O 9. Be3 Be6 10. Qd2 Nbd7 11. a4 Nb6 12. Na5 Qc7 13. Rfd1 Rac8 14. Bf3 Nbd7
15. Nd5 Bxd5 16. exd5 Bd8 17. b4 Qb8 18. Nb3 Nb6 19. Qe2 Nc4 20. Bc5 Nb6 21. Be3
Nc4 22. Bc5 Nb6 23. Be3 Nc4 24. Bc5 Nb6 1/2-1/2

[Event "Al Ain Classic 2012"]
[Site "Al-Ain UAE"]
[Date "2012.12.28"]
[Round "8.13"]
[White "Grigoryan, Karen H."]
[Black "Moosavian, S.Hamed"]
[Result "1-0"]
[WhiteTitle "IM"]
[BlackTitle "IM"]
[WhiteElo "2513"]
[BlackElo "2377"]
[WhiteFideId "13301004"]
[BlackFideId "12501930"]
[EventDate "2012.12.22"]

1. d4 Nf6 2. c4 e5 3. dxe5 Ng4 4. Nf3 Bc5 5. e3 Nc6 6. Be2 O-O 7. O-O Re8 8. Nc3
Ngxe5 9. Nd4 d6 10. b3 Qh4 11. Ndb5 Bb6 12. Nd5 Re6 13. g3 Qd8 14. c5 dxc5 15.
Nxb6 cxb6 16. Qxd8+ Nxd8 17. Nc7 Rb8 18. Nxe6 Bxe6 19. Bb2 Nec6 20. f4 f6 21. f5
Bf7 22. Rad1 Kf8 23. e4 Rc8 24. Bb5 Rc7 25. Rfe1 a6 26. Bxc6 Nxc6 27. e5 Bh5 28.
exf6 Bxd1 29. fxg7+ Kf7 1-0

[Event "Al Ain Classic 2012"]
[Site "Al-Ain UAE"]
[Date "2012.12.28"]
[Round "8.14"]
[White "Rajesh, V A V"]
[Black "El Gindy, Essam"]
[Result "1/2-1/2"]
[WhiteTitle "FM"]
[BlackTitle "GM"]
[WhiteElo "2370"]
[BlackElo "2486"]
[WhiteFideId "5029317"]
[BlackFideId "10600140"]
[EventDate "2012.12.22"]

1. d4 Nf6 2. c4 e6 3. Nf3 Bb4+ 4. Bd2 a5 5. g3 d6 6. Bg2 Nbd7 7. O-O e5 8. Bg5
exd4 9. Nxd4 O-O 10. a3 Bc5 11. Nc3 h6 12. Bf4 Ne5 13. b3 Re8 14. Na4 Ng6 15.
Be3 Ba7 16. Nc2 Bxe3 17. Nxe3 Ng4 18. Nxg4 Bxg4 19. Nc3 Qc8 20. Re1 Bh3 21. Bh1
Nf4 22. Qd4 Ne6 23. Qh4 Bf5 24. Nd5 Qd7 25. b4 axb4 26. axb4 Rxa1 27. Rxa1 Ng5
28. Bf3 c6 29. Nc3 Nxf3+ 30. exf3 Qe6 31. Qd4 Bh3 32. Qe4 Qd7 33. Qd3 Qe7 34.
Qe4 Qd8 35. Qd4 f5 36. f4 Qe7 37. Qd2 Qe6 38. c5 dxc5 39. bxc5 Qe7 40. Qe3 Qxe3
41. fxe3 Rxe3 42. Rc1 Rd3 43. Nd1 Rb3 44. Kf2 Bg4 45. Ne3 Kf7 46. Rc2 Ke6 47.
Rd2 Ke7 48. Rc2 g5 49. fxg5 hxg5 50. Nxg4 fxg4 51. Rc4 Rb5 52. Ke3 Ke6 53. Ke4
Rb2 54. Rd4 Re2+ 55. Kd3 Rxh2 56. Rxg4 Kf5 57. Rb4 Rh7 58. Kd4 Re7 59. Kd3 Kg6
60. Kd4 Kh5 61. Kd3 Re5 62. Rxb7 Rxc5 63. Rb4 Re5 64. Rc4 c5 65. Ra4 Rd5+ 66.
Ke3 Rd4 67. Ra5 Rc4 68. Kd3 Rc1 69. Kd2 Rc4 70. Kd3 Rd4+ 71. Ke3 Rd5 72. Ke4
Rd4+ 73. Ke3 Rc4 74. Kd3 Rb4 75. Rxc5 Kg4 76. Ke2 Rb3 77. Kf2 Rb4 78. Kg2 Rb2+
79. Kg1 1/2-1/2

[Event "Al Ain Classic 2012"]
[Site "Al-Ain UAE"]
[Date "2012.12.28"]
[Round "8.15"]
[White "Karthikeyan, Murali"]
[Black "Hungaski, Robert Andrew"]
[Result "1-0"]
[BlackTitle "IM"]
[WhiteElo "2315"]
[BlackElo "2469"]
[WhiteFideId "5074452"]
[BlackFideId "2021030"]
[EventDate "2012.12.22"]

1. e4 c5 2. Nf3 e6 3. d4 cxd4 4. Nxd4 a6 5. Nc3 b5 6. Bd3 d6 7. O-O Nf6 8. Qe2
Be7 9. Kh1 Bb7 10. f4 b4 11. Nd1 Nc6 12. Nxc6 Bxc6 13. Nf2 Qb8 14. Bd2 a5 15.
Rae1 Qb7 16. Nh3 Nd7 17. Ng5 Nc5 18. f5 e5 19. Qg4 Bxg5 20. Bxg5 f6 21. Bh4 Nxd3
22. cxd3 Bb5 23. Rf3 Rc8 24. Rg3 O-O 25. Qd1 Qf7 26. b3 d5 27. exd5 Rfd8 28. Re4
Kh8 29. Reg4 Qh5 30. h3 Qh6 31. Qf3 Rc1+ 32. Kh2 Ra1 33. Qe3 Qxe3 34. Rxe3 h5
35. Rg6 Rd7 36. Bxf6 gxf6 37. Rxf6 Rxa2 38. Rg3 Rg7 39. Re6 h4 40. Rg4 Bxd3 41.
Re8+ Kh7 42. Rxh4# 1-0

[Event "Al Ain Classic 2012"]
[Site "Al-Ain UAE"]
[Date "2012.12.28"]
[Round "8.16"]
[White "Mammadov, Zaur"]
[Black "Manakova, Maria"]
[Result "1/2-1/2"]
[WhiteTitle "IM"]
[BlackTitle "WGM"]
[WhiteElo "2459"]
[BlackElo "2338"]
[WhiteFideId "13401033"]
[BlackFideId "927007"]
[EventDate "2012.12.22"]

1. e4 c5 2. c3 e6 3. d4 d5 4. e5 Qb6 5. Nf3 Bd7 6. Be2 Bb5 7. O-O Bxe2 8. Qxe2
cxd4 9. cxd4 Nc6 10. a3 a6 11. Qd3 Na5 12. Nbd2 Rc8 13. b3 Qc7 14. Ra2 Ne7 15.
h3 Nf5 16. g4 Ne7 17. b4 Nc4 18. Nb3 b6 19. Kg2 Ng6 20. Ng5 h6 21. Nxe6 Nh4+ 22.
Kg3 fxe6 23. Kxh4 Nxe5 24. dxe5 Qxe5 25. f4 Qf6+ 26. Kh5 Be7 27. Qg6+ Qxg6+ 28.
Kxg6 O-O 29. Bb2 e5 30. g5 Rc2 31. Nc1 Rc6+ 32. Kh5 hxg5 33. Bxe5 gxf4 34. Nd3
Rh6+ 35. Kg4 Rh4+ 36. Kf3 Rxh3+ 37. Ke2 f3+ 38. Ke3 Bg5+ 39. Kd4 Rh4+ 40. Kc3
Be3 41. Ne1 f2 42. Ng2 d4+ 43. Kd3 Rh3 44. Bxd4 Bxd4+ 45. Kxd4 Rhf3 46. a4 g5
47. Re2 g4 48. Re4 Rd8+ 49. Kc4 Rc8+ 50. Kd5 Rd8+ 51. Kc6 g3 52. Rg4+ Kf7 53.
Kxb6 Ke6 54. Kxa6 Ra8+ 55. Kb5 Kf5 56. Rc4 Rd3 57. a5 Ke5 58. Rh4 Rad8 59. Rf4
Rd1 60. R1xf2 R8d5+ 61. Kc4 Rc1+ 62. Kb3 gxf2 63. Rxf2 Rb1+ 64. Kc3 Rb5 65. Re2+
Kd6 66. Re4 Rg5 67. Ne3 Kc6 68. Re6+ Kb5 69. Rb6+ Ka4 70. Nc2 Rg3+ 71. Kd4 Rd1+
72. Ke4 Rg4+ 73. Kf5 Rg2 74. Ne3 Rf2+ 75. Ke4 Rb1 76. Nd5 Re1+ 77. Kd3 Rf3+ 78.
Kd2 Re5 79. Nc3+ Kb3 80. Nb5 Rf2+ 81. Kd3 Kxb4 82. Nd6+ Ka4 83. a6 Ra5 84. Nc4
Rd5+ 85. Ke3 Rf7 86. Rb1 Re7+ 87. Kf3 Rd3+ 88. Kf2 Rc3 89. Nb6+ Ka5 90. Nd5 Rc2+
91. Kf3 Rf7+ 92. Ke3 Ra2 93. Rb7 Rxb7 94. axb7 Rb2 1/2-1/2

[Event "Al Ain Classic 2012"]
[Site "Al-Ain UAE"]
[Date "2012.12.28"]
[Round "8.17"]
[White "Abdel Razik, Khaled"]
[Black "Ali Marandi, Cemil Can"]
[Result "0-1"]
[WhiteTitle "IM"]
[BlackTitle "FM"]
[WhiteElo "2448"]
[BlackElo "2354"]
[WhiteFideId "10601104"]
[BlackFideId "6300529"]
[EventDate "2012.12.22"]

1. e4 e6 2. d4 d5 3. Nd2 c5 4. Ngf3 Nf6 5. e5 Nfd7 6. c4 cxd4 7. cxd5 exd5 8.
Bd3 Be7 9. O-O O-O 10. Nb3 Nc6 11. Bf4 Re8 12. Rc1 Nf8 13. Nfxd4 Ne6 14. Nxe6
Bxe6 15. Nc5 Bxc5 16. Rxc5 Qb6 17. Rb5 Qc7 18. Bg3 a6 19. Rb3 d4 20. Ra3 Qb6 21.
Qb1 g6 22. f4 Ne7 23. Bh4 Nf5 24. Bf6 Rac8 25. h3 Ne3 26. Rf2 Bf5 27. Kh2 Qc6
28. Bxf5 Nxf5 29. g4 Ne3 30. Qd3 Qd5 31. Qb3 Qd7 32. Qa4 b5 33. Qxa6 Rc1 34. Qd6
Qb7 35. Kg3 Qh1 36. Rxe3 Qg1+ 37. Kf3 dxe3 38. Re2 Rf1+ 39. Ke4 Qh1+ 40. Kxe3
Qf3+ 41. Kd2 Qxf4+ 42. Re3 Rf2+ 43. Kd3 Qc4# 0-1

[Event "Al Ain Classic 2012"]
[Site "Al-Ain UAE"]
[Date "2012.12.28"]
[Round "8.19"]
[White "Javanbakht, Nima"]
[Black "El Ghazali, Youssef M."]
[Result "1-0"]
[WhiteTitle "FM"]
[BlackTitle "IM"]
[WhiteElo "2406"]
[BlackElo "2244"]
[WhiteFideId "12510670"]
[BlackFideId "10600167"]
[EventDate "2012.12.22"]

1. d4 d5 2. c4 e6 3. Nc3 Nf6 4. cxd5 exd5 5. Bg5 c6 6. Qc2 Be7 7. e3 Be6 8. Bd3
Nbd7 9. Nge2 Rc8 10. O-O h6 11. Bh4 Nh5 12. Bxe7 Qxe7 13. f4 Nb6 14. Rae1 Bg4
15. Nc1 Bd7 16. e4 O-O 17. Qe2 Qh4 18. g3 Qh3 19. e5 c5 20. dxc5 Rxc5 21. Nb3
Rxc3 22. bxc3 Nxg3 23. hxg3 Qxg3+ 24. Qg2 Qxd3 25. Rf3 Qh7 26. Nd4 Bf5 27. Rg3
Be4 28. Qh3 Kh8 29. Kh2 Nc4 30. Qd7 g6 31. f5 f6 32. Qxh7+ Kxh7 33. Ne6 Rf7 34.
Rxe4 gxf5 35. Rh4 Nxe5 36. Nd4 Ng4+ 37. Kg2 Kg6 38. Nxf5 Kxf5 39. Rhxg4 Re7 40.
Kf2 h5 41. Rh4 Rh7 42. Rd4 Ke5 43. Re3+ Kd6 44. Red3 Kc6 45. Rxd5 1-0

[Event "Al Ain Classic 2012"]
[Site "Al-Ain UAE"]
[Date "2012.12.28"]
[Round "8.21"]
[White "Mohamed, Tarek"]
[Black "Shyam, Nikil P."]
[Result "0-1"]
[BlackTitle "IM"]
[WhiteElo "2274"]
[BlackElo "2431"]
[WhiteFideId "10617981"]
[BlackFideId "5024218"]
[EventDate "2012.12.22"]

1. Nf3 c5 2. c4 g6 3. Nc3 Bg7 4. g3 e5 5. e4 Ne7 6. Bg2 a6 7. d3 d6 8. h4 Bg4 9.
Qb3 Nbc6 10. Be3 Rb8 11. Nh2 Bd7 12. h5 Nd4 13. Qd1 b5 14. cxb5 axb5 15. O-O O-O
16. f4 b4 17. Ne2 f5 18. Nxd4 exd4 19. Bd2 fxe4 20. Bxe4 d5 21. Bg2 c4 22. hxg6
hxg6 23. Be1 Bf5 24. Nf3 Bxd3 25. Bf2 Bxf1 26. Qxf1 Nf5 27. Qd1 d3 28. b3 Re8
29. Rc1 Bc3 30. Ne5 d2 31. Rc2 Bxe5 32. Rxd2 Bc3 33. Rxd5 Qf6 34. Rd7 Rbd8 35.
Bf1 Rxd7 36. Qxd7 Rd8 37. Bxc4+ Kh8 38. Qb7 Bd4 0-1

[Event "Al Ain Classic 2012"]
[Site "Al-Ain UAE"]
[Date "2012.12.28"]
[Round "8.22"]
[White "Sanal, Vahap"]
[Black "Navalgund, Niranjan"]
[Result "1-0"]
[WhiteTitle "FM"]
[WhiteElo "2382"]
[BlackElo "2169"]
[WhiteFideId "6300545"]
[BlackFideId "5030854"]
[EventDate "2012.12.22"]

1. e4 e5 2. Nf3 Nc6 3. Bb5 a6 4. Ba4 Nf6 5. O-O Be7 6. Re1 b5 7. Bb3 d6 8. c3
O-O 9. h3 Nb8 10. d4 Nbd7 11. Nbd2 Bb7 12. Bc2 Re8 13. Nf1 Bf8 14. Ng3 g6 15. a4
c5 16. d5 c4 17. Bg5 h6 18. Be3 Nc5 19. Qd2 Kh7 20. Nh2 Nfd7 21. Rf1 Qh4 22. Ng4
Bg7 23. Kh2 Nf6 24. Nxf6+ Bxf6 25. f4 bxa4 26. Qe2 a5 27. Nf5 gxf5 28. g3 exf4
29. gxh4 fxe3 30. Rxf5 Be5+ 31. Kh1 f6 32. Raf1 Rg8 33. Qxe3 Rg3 34. R1f3 Rxf3
35. Qxf3 Rg8 36. Rxf6 Bc8 37. Qh5 Bxf6 38. e5+ Kg7 39. Qg6+ Kf8 40. Qxf6+ Ke8
41. Bg6+ 1-0

[Event "Al Ain Classic 2012"]
[Site "Al-Ain UAE"]
[Date "2012.12.28"]
[Round "8.23"]
[White "Tabatabaei, M.amin"]
[Black "Elgabry, Mohsen"]
[Result "0-1"]
[WhiteTitle "FM"]
[BlackTitle "IM"]
[WhiteElo "2134"]
[BlackElo "2365"]
[WhiteFideId "12521213"]
[BlackFideId "10600531"]
[EventDate "2012.12.22"]

1. d4 Nf6 2. Nf3 d6 3. c4 Nbd7 4. Nc3 e5 5. e4 Be7 6. Be2 O-O 7. O-O c6 8. Qc2
Re8 9. d5 c5 10. a3 Nf8 11. b4 b6 12. bxc5 bxc5 13. a4 h6 14. Rd1 g5 15. a5 Ng6
16. a6 Bf8 17. Nb5 Nf4 18. Ne1 Bg7 19. Bf1 Rf8 20. f3 Ne8 21. g4 h5 22. h3 Qf6
23. Qf2 Qh6 24. Nc2 Bf6 25. Qg3 hxg4 26. hxg4 Kg7 27. Rd2 Qh4 28. Qxh4 gxh4 29.
Ne3 Bg5 30. Rh2 Rh8 31. Nf5+ Bxf5 32. gxf5 Kf6 33. Bxf4 Bxf4 34. Rg2 h3 35. Rg4
Ke7 36. Kf2 Nf6 37. Rg7 Rh4 38. Be2 h2 39. Rh1 Nh5 40. Rg2 Rh3 41. Ke1 Bg3+ 42.
Kd2 Nf4 43. Rxg3 Rxg3 44. Rxh2 Rg2 45. Rxg2 Nxg2 46. Bd1 f6 47. Ba4 Nf4 48. Nc7
Rh8 49. Bc6 Rh2+ 50. Kd1 Ra2 51. Bb7 Nd3 52. Nb5 Nb4 53. Nxa7 Nxa6 54. Nc6+ Ke8
55. Bxa6 Rxa6 56. Kd2 Ra3 57. Ke2 Rc3 58. Na5 Kd7 59. Kd2 Rxf3 60. Nc6 Rb3 61.
Na5 Ra3 62. Nc6 Kc7 63. Ne7 Rg3 64. Nc6 Kb6 65. Ne7 Kb7 66. Nc6 Rh3 67. Ne7 Rh8
68. Nc6 Kb6 69. Kd3 Kc7 70. Ne7 Kd7 71. Nc6 Ra8 72. Kd2 Ke8 73. Ke3 Kf7 74. Kd3
Kg7 75. Ne7 Kh6 76. Ke3 Kg5 77. Kf3 Ra3+ 78. Ke2 Kf4 79. Nc8 Ra6 80. Kd3 Kf3 0-1

[Event "Al Ain Classic 2012"]
[Site "Al-Ain UAE"]
[Date "2012.12.28"]
[Round "8.24"]
[White "Lodhi, Mahmood"]
[Black "Arjun, Bharat"]
[Result "1-0"]
[WhiteTitle "IM"]
[BlackTitle "CM"]
[WhiteElo "2353"]
[BlackElo "2295"]
[WhiteFideId "7800010"]
[BlackFideId "5032725"]
[EventDate "2012.12.22"]

1. d4 d5 2. Nf3 Nf6 3. g3 g6 4. Bg2 Bg7 5. O-O O-O 6. c4 c6 7. b3 dxc4 8. bxc4
c5 9. e3 Nc6 10. Bb2 cxd4 11. exd4 Bg4 12. Nbd2 Rc8 13. Nb3 Nd7 14. Qd2 Nb6 15.
Rac1 Nb8 16. Na5 Qd7 17. Rfe1 Nc6 18. Nxc6 bxc6 19. Ne5 Bxe5 20. Rxe5 Be6 21.
Qe2 Rb8 22. d5 cxd5 23. cxd5 Nxd5 24. Rd1 Rb5 25. a4 Ra5 26. Rexd5 Bxd5 27. Qe5
f6 28. Rxd5 Rxd5 29. Bxd5+ Kh8 30. Qe4 e5 31. Kg2 Rd8 32. Bc4 Kg7 33. Bb5 Qc7
34. Ba3 h5 35. h4 Rd4 36. Qa8 Rd8 37. Qf3 Rd2 38. Bb4 Rd4 39. Bc3 Rd8 40. Bf1
Rb8 41. Bd2 Rb1 42. a5 Qd6 43. Be3 Qb4 44. a6 Qb3 45. Bd3 Ra1 46. Qb7+ Qf7 47.
Bh6+ Kg8 48. Bc4 1-0